Statistics for Столицы европы(Только гласные)

Click here to take the quiz!

General Stats

  • This quiz has been taken 496 times
  • The average score is 37 of 51

Answer Stats

СтранаГласные буквы столицы% Correct
ШвейцарияЕ
99%
ИталияИ
96%
БеларусьИ
96%
ФранцияА, И
88%
АнглияО, О
88%
ШвецияО, О
88%
ЭстонияА, И
88%
РоссияО, А
88%
ИспанияА, И
88%
НорвегияО, О
88%
УэльсА, И
88%
ЧехияА, А
87%
ГерманияЕ, И
86%
УкраинаИ, Е
85%
ПольшаА, А, А
84%
ЛатвияИ, А
84%
ТурцияА, А, А
84%
АвстрияЕ, А
80%
СербияЕ, А
80%
Северная ИрландияЕ, А
80%
ВатиканА, И, А
79%
ГрецияА, И, Ы
78%
ХорватияА, Е
77%
МакедонияО, Е
77%
ФинляндияЕ, И, И
75%
БельгияЮ, Е
73%
МонакоО, А, О
73%
БолгарияО, И, Я
73%
ГрузияИ, И, И
71%
Сан-МариноА, А, И, О
70%
ИсландияЕ, Я, И
70%
ЛитваИ, Ю
70%
РумынияУ, А, Е
70%
ВенгрияУ, А, Е
70%
ПортугалияИ, А, О
69%
НидерландыА, Е, А
69%
ЛюксембургЮ, Е, У
69%
МальтаА, Е, А
69%
ДанияО, Е, А, Е
68%
МолдоваИ, И, Ё
62%
ИрландияУ, И
62%
СловакияА, И, А, А
58%
ЛихтенштейнА, У
55%
Босния и ГерцеговинаА, А, Е, О
54%
СловенияЮ, Я, А
54%
АлбанияИ, А, А
52%
ЧерногорияО, О, И, А
50%
КосовоИ, И, А
44%
АндорраА, О, А, А, Е, Я
44%
КипрИ, О, И, Я
40%
ШотландияЭ, И, У
33%

Score Distribution

Percentile by Number Answered

Percent of People with Each Score

Your Score History

You have not taken this quiz